Dessins animés par images #1 - Statistiques

Statistiques générales
  • Ce quiz a été pris 4 368 fois
  • Le résultat moyen est 11 sur 16
Statistiques - réponses
Par images Réponse % Correct
Pokémon
98%
Garfield
95%
Oggy et les cafards
93%
Yakari
91%
Inspecteur Gadget
90%
Sam Sam
86%
Les sisters
85%
Père Castor
85%
Angelo la débrouille
79%
Les as de la jungle
79%
Les minijusticiers
79%
Corneil et Bernie
73%
Shuriken School
54%
Linus et Boom
22%
Monstres contre aliens
20%
Sid le petit scientifique
8%
Aucun quiz correspondant
Distribution des résultats
% des personnes avec chaque résultat
Percentile par nombre de réponses
Votre historique - résultats
Vous n’avez pas pris ce quiz